Регионална библиотека "Любен Каравелов" - Русе

Blueprint (Запис номер 100039)

MARC детайли
000 -Лидер
Контролно поле с фиксирана дължина 01257nam a2200337 c 4500
003 - Код на организацията, давaща контролен номер
Контролно поле BLK
005 - Дата и час на последна редакция
Контролно поле 20180420225955.0
008 - Елементи от данни с фиксирана дължина
fixed length control field 180409b bul|||||r ||||||| ||bul||
010 ## - Наследен системен номер
LC control number KNG00105057000
020 ## - Международен стандартен номер на книга ISBN
Международен стандартен номер на книга ISBN 0-582-02131-6
-- издат.: Longman - на том
040 ## - Източник на каталожния запис
Идентификатор на билиотеката - собственик на записа BLK
041 ## - Код за език
Код за езика на текст/звукозапис или на отделно заглавие Английски
Код за езика КДБФ Английски
080 ## - УДК
Текстов определител УДК Нобелови награди по физика (аналогично и за др. сфери)
УДК код - определител по УДК 06.068 Нобел:53
УДК определител (075.4)
УДК - код + определител 06.068 Нобел:53(075.4)
139 ## - Редно поле
Редна дума Blueprint
Авторски знак Blu - B 68
245 10 - Сведения за заглавието
Заглавие Blueprint
Подзаглавни данни [Vol.] 1-4
Редно поле (дума) авт. на том Brian Abbs; авт. на том Ingrid Freebairn.
Том [Vol.] 3
Заглавие на том Student's book : Intermediate
257 ## - Страна на издаване
Страна на създаване/издаване България
260 ## - Област на издателските данни
-- Harlow
Година на издаване 1995 -
300 ## - Физическа характеристика
Размери/Мащаб 26 cm.
380 ## - Жанр
Жанр Езикознание. Филология
650 #4 - Допълнително описание по предмет – тема
Основно описание – тема или топоним Английски език - учебници за самоподготовка
9 (RLIN) 253258
653 ## - Ключова дума – ненормативна
Ключова дума английски език
653 ## - Ключова дума – ненормативна
Ключова дума учебници
700 1# - Други автори (авторска отговорност)
Лично име Abbs, Brian
Автороска отговорност (Описва отношението между автора и произведението) авт. на том
9 (RLIN) 3117
700 1# - Други автори (авторска отговорност)
Лично име Freebairn, Ingrid
Автороска отговорност (Описва отношението между автора и произведението) авт. на том
9 (RLIN) 10347
760 1# - Описание на основната серия
-- - на том
Място на издаване, издател и година Longman, 1997
Страници - том 128 c.
Заглавие [Vol.] 3 Student's book : Intermediate
852 ## - Местоположение
Форматна сигнатура Цб ІІ 9632
856 4# - Електронен адрес и достъп
Електронен формат pdf - файл
Път до файла /url/
856 4# - Електронен адрес и достъп
Електронен формат pdf - файл
Път до файла /url/
942 ## - АРТИКУЛИ
Вид на библиотечния материал Книги
Скрит в OPAC Не
944 ## - СЪЗДАВАНЕ И РЕДАКЦИЯ на ЗАПИСА
Създаване/Редакция Създаване
Дата на регистрацията/редакция 01.01.1999
Служител, извършил регистрацията/редакцията
944 ## - СЪЗДАВАНЕ И РЕДАКЦИЯ на ЗАПИСА
Създаване/Редакция Редакция
Дата на регистрацията/редакция 27.02.2003
Служител, извършил регистрацията/редакцията
999 ## - СИСТЕМНИ КОНТРОЛНИ НОМЕРА
Koha biblionumber 100039
Koha biblioitemnumber 100039
Наличности
Код за отписване Код за изгубен артикул Код за повреда Коз за рестрикции Код за отдаване Артикулен № Име на библиотеката - собственик Име на библиотеката, в която се намира в момента Статус (Текущо местоположение) Дата на вписване в системата Местоположение - отдел Цена в лева Инвентарен номер Систематично азбучна сигнатура Баркод Номер на екземпляра Цена в евро Служебна бележка Служебен тип на артикула
  Не е изгубен Не е повреден без рестрикции заемане за дома 161118 Регионална библиотека "Любен Каравелов" Русе Регионална библиотека "Любен Каравелов" Русе ЧЧЗО - англ. ез. - Британски съвет 2003-02-27 ЧЧЗО - англ. ез. - Британски съвет 0.00 120000675060 Цб II 9632 120000675060 1 0.00 Дост: DA Вид: А N: 2 Дата: 27.02.2003 Дата инв: 16.03.2015 Бележки инв: Ч32015 Книги
Vip Innovations Ltd, Rousse, Bulgaria 2025